00618 a2200193 450000100060000002000150000604000240002110000170004524000390006224500340010130000060013536200090014144000120015065000240016294200070018695201070019395201070030099900170040744985 a8508066252 cAnchieta - Aquarius aRankin, Joan10aUau! Ser pato é o máximo!lpor10aUau! Ser pato é o máximo! a 0 a1997 1aÁtica 4aLiteratura infantil cBK 00104070a87.1b87.1d2023-11-21l0oLI 028.5 RAN UAUp1449/AQUr2023-11-21 15:10:54w2023-11-21yBK 00104070a87.1b87.1d2023-11-21l0oLI 028.5 RAN UAUp1450/AQUr2023-11-21 15:10:54w2023-11-21yBK c44985d44985